Na oficiálnu priateľskú návštevu Generálny tajomník ÚV KSČ súdruh Miloš Jakeš priletel do Havany

Bibliographic Details
Main Author: Bak, Arnošt (Author)
Format: Article
Language:Slovak
Subjects:

MARC

LEADER 00000nab a2200000 a 4500
001 vtls000340203
003 SK-MaSNL
005 20260304171138.0
008 111201c1989 xo 0 slo
015 |a SNBRB19rr/mm-uuuuu 
035 |a CL0340325 
040 |a SNKBUCL  |b slo  |c SNKBUCL  |e AACR2 
041 0 |a slo 
044 |a xo  |c SK 
080 |a 327(437:729.1)  |2 1981 
080 |a 323(100-11)(729.1:437)  |2 1981 
100 1 |a Bak, Arnošt  |4 aut  |9 922404 
245 1 0 |a Na oficiálnu priateľskú návštevu  |b Generálny tajomník ÚV KSČ súdruh Miloš Jakeš priletel do Havany  |c Arnošt Bak ; Miloš Jakeš 
650 0 7 |a ČSSR  |2 snkbucl  |9 335647 
650 0 7 |a zahraničná politika  |2 snkbucl  |9 971 
651 7 |a Kuba  |2 snkbucl  |9 17345 
655 7 |a články z novín a časopisov  |2 snkbucl  |9 267496 
773 0 |t Pravda  |g Roč. 70, č. 2 (3. 1. 1989), s. 1 a 7 
850 |a Slovenská národná knižnica v Martine  |a MTA001 
852 |a SNK  |b KIS3GCP 
958 |a RK 
958 |a SU 
992 |a RBX 
999 |c 2991839  |d 2993769